| 000 | 00499nam a2200157Ia 4500 | ||
|---|---|---|---|
| 005 | 20260601193300.0 | ||
| 008 | 260601s9999||||xx |||||||||||||| ||und|| | ||
| 020 |
_a978-3-031-66549-3 _qebk |
||
| 100 | _aJohn Vince | ||
| 245 | 0 | _aFoundation Mathematics for Computer Science | |
| 250 | _aFourth Edition 2024 | ||
| 260 |
_aHeidelberg, Germany _bSpringer Nature _c2024 |
||
| 650 | _aComputer Science | ||
| 856 | _uhttps://link.springer.com/openurl?genre=book&isbn=978-3-031-66549-3 | ||
| 942 |
_cEB _2ddc |
||
| 999 |
_c56987 _d56987 |
||